|
|
|
|
| LEADER |
00000nam a2200000 a 4500 |
| 001 |
vtls010288772 |
| 003 |
SK-MaSNL |
| 005 |
20260504080650.0 |
| 008 |
180809s2011 xo f 000 0 ger |
| 015 |
|
|
|a SNBA2011/10-05483
|
| 020 |
|
|
|a 9788097048549
|q (brož.)
|
| 035 |
|
|
|a 202C1179-B94E-4165-BB7B-B0B05EAAEA9E
|
| 035 |
|
|
|a urn:nbn:sk:snk-amji75
|
| 035 |
|
|
|a urn:nbn:sk:snk-am001ype
|
| 040 |
|
|
|a SNK
|b slo
|c SNK
|e AACR2
|
| 041 |
0 |
|
|a ger
|
| 044 |
|
|
|a xo
|c SK
|
| 072 |
|
7 |
|a 82:06
|x Literárne organizácie, súťaže
|2 konspekt
|
| 080 |
|
|
|a 821.112.2-3
|2 2001
|
| 080 |
|
|
|a 82:7.092
|2 2001
|
| 080 |
|
|
|a 37.011.3-052
|2 2001
|
| 080 |
|
|
|a (082)
|2 2001
|
| 111 |
2 |
|
|a Prešover Kurzgeschichtenwettbewerb
|n (3. :
|d 2011
|c Prešov, Slovensko)
|9 328110
|
| 245 |
1 |
0 |
|a Ballast
|b Kurzgeschichten
|c herausgegeben von Cristian Irsfeld, Norbert Conti und Marion Bujňáková
|
| 250 |
|
|
|a 1. Aufl.
|
| 260 |
|
|
|a Prešov
|b Grafotlač
|c 2011
|
| 300 |
|
|
|a 110 s.
|c 21 cm
|
| 500 |
|
|
|a Prešovská súťaž krátkych poviedok v nemeckom jazyku
|
| 650 |
0 |
7 |
|a nemčina
|2 SNKPH
|9 1384
|
| 650 |
0 |
7 |
|a literárne súťaže
|2 SNKPH
|9 4275
|
| 650 |
0 |
7 |
|a študenti
|2 SNKPH
|9 3979
|
| 650 |
0 |
7 |
|a German language
|2 SNKPHeng
|9 278149
|
| 650 |
0 |
7 |
|a Literary competitions
|2 SNKPHeng
|9 302809
|
| 650 |
0 |
7 |
|a Students
|2 SNKPHeng
|9 270855
|
| 655 |
|
7 |
|a zborníky
|2 SNKPH
|9 70165
|
| 655 |
|
7 |
|a Proceedings
|2 SNKPHeng
|9 304965
|
| 700 |
1 |
|
|a Irsfeld, Christian,
|d 1975-
|4 edt
|9 328111
|
| 700 |
1 |
|
|a Conti, Norbert
|4 edt
|9 328112
|
| 700 |
1 |
|
|a Bujňáková, Marion
|4 edt
|9 38221
|
| 919 |
|
|
|a 978-80-970485-4-9
|
| 958 |
|
|
|a OND
|
| 958 |
|
|
|a DE
|
| 958 |
|
|
|a NM
|
| 968 |
|
|
|d 821
|
| 999 |
|
|
|c 577452
|d 579382
|
| 952 |
|
|
|a SNK
|b SNK
|y PREZ
|7 0
|p 17A0705892
|o snkSC 145961
|i snk2011/14589
|8 0
|0 0
|1 0
|4 0
|d 2011-06-27
|l 0
|r 2025-07-15 00:00:00
|w 2026-02-23
|
| 952 |
|
|
|a SNK
|b SNK
|y VYP
|7 0
|p 17A0716220
|o snkSC 145961 D1
|i snk2011/17110
|8 0
|0 0
|1 0
|4 0
|d 2011-08-09
|f 1
|l 0
|r 2026-02-23 14:38:17
|w 2026-02-23
|